000 00292nam a2200133Ia 4500
008 221030s9999 xx 000 0 und d
041 _aEnglish
082 _a105.23
100 _aV. B. Bhatia
245 0 _aClassical Mechanics
_cby V. B. Bhatia
260 _c0
650 _aB
942 _cBK
999 _c13480
_d13480